Parcs en concert : cicle de concerts en espais naturals i patrimonials : Del 28 de maig al 16 d'octubre de 2022 cicle de concerts en espais naturals i patrimonials : Del 28 de maig al 16 d'octubre de 2022
Descripción Física:
1 díptic ; il. col. ; 15 x 21 cm
Materias:
Barcelona (Catalunya : Província). -- Xarxa de Parcs Naturals -- Activitats culturals
; Parcs Naturals -- Barcelona (Catalunya : Província) -- Activitats culturals
Idioma:
Catalán
MARC
| LEADER | 00000nam a22000007a 4500 | ||
|---|---|---|---|
| 001 | 27589 | ||
| 003 | Arxiu | ||
| 005 | 20260324181157.0 | ||
| 008 | 230327b spa||||| |||| 00| 0 cat d | ||
| 017 | |a B 11048-2022 | ||
| 040 | |a agdb |b cat | ||
| 110 | 1 | |9 7250 |a Barcelona (Catalunya : Província). |b Xarxa de Parcs Naturals | |
| 245 | |a Parcs en concert : |b cicle de concerts en espais naturals i patrimonials : Del 28 de maig al 16 d'octubre de 2022 | ||
| 260 | |a Barcelona : |b Diputació de Barcelona. Xarxa de Parcs Naturals ; |c 2022 | ||
| 300 | |a 1 díptic ; |b il. col. ; |c 15 x 21 cm | ||
| 610 | 1 | 0 | |9 52895 |a Barcelona (Catalunya : Província). |b Xarxa de Parcs Naturals |x Activitats culturals |
| 650 | 0 | |a Parcs Naturals |z Barcelona (Catalunya : Província) |x Activitats culturals |9 50143 | |
| 942 | |2 udc |c ARXIU |n 1 | ||
| 952 | |0 0 |1 0 |2 udc |4 0 |6 FU74198 |7 1 |9 65806 |a Arxiu |b Arxiu |d 2023-03-27 |l 0 |o FU-74-198 |p 27589 |r 2023-03-27 00:00:00 |w 2023-03-27 |y ARXIU | ||
| 999 | |c 83251 |d 83251 | ||